00938nam a2200205 a 4500001001000000003000500010005001700015008004100032010001100073011001100084040000900095100003800104245025100142260004100393500006000434502010900494650003600603650002300639856007000662000115196CHAP20220329144522.0181126s2018 mx a sm |||||||spa d a111657 a112629 cCHAP1 aSerrano Espinosa, Carlos Enrique.10aEfectividad biológica del fungicida Antracol 70 WP en el control del mildiú velloso (Peronospora sparsa) en el cultivo de rosal ( Rosa spp. var. vendela) Villa Guerrero, Estado de México /h[En línea]cpor Carlos Enrique Serrano Espinosa. aChapingo, Méx. :bEl autor,c2018. aPara ver el contenido del material haga clic en la liga aTesis (Ing. Agr. Esp. en Parasitología Agrícola) -- UACH. Departamento de Parasitología Agrícola14aRosasxEnfermedades por hongos.14aRosasxVariedades. aFinding aiduhttp://10.13.5.2/tesis/sist115196.pdfzTeclea aquí